NHL Teams by State - Statistics

General Stats
  • This quiz has been taken 55 times
  • The average score is 27 of 32
Answer Stats
Hint Answer % Correct
Stars Texas
93%
Devils New Jersey
91%
Capitals Washington, DC
91%
Coyotes Arizona
89%
Sharks California
89%
Kings California
89%
Avalanche Colorado
89%
Blackhawks Illinois
89%
Wild Minnesota
89%
Golden Knights Nevada
89%
Rangers New York
89%
Islanders New York
89%
Predators Tennessee
89%
Hurricanes North Carolina
87%
Maple Leafs Ontario
87%
Kraken Washington
87%
Canucks British Columbia
85%
Ducks California
85%
Lightning Florida
85%
Bruins Massachusetts
85%
Red Wings Michigan
85%
Blue Jackets Ohio
85%
Flyers Pennsylvania
85%
Canadiens Quebec
85%
Panthers Florida
83%
Blues Missouri
83%
Penguins Pennsylvania
83%
Sabres New York
80%
Oilers Alberta
76%
Flames Alberta
74%
Jets Manitoba
74%
Senators Ontario
65%
No matching quizzes found
Score Distribution
Percent of People with Each Score
Percentile by Number Answered
Your Score History
You have not taken this quiz